MTB LEGENDS - Statistics

General Stats
  • This quiz has been taken 54 times
  • The average score is 5 of 16
Answer Stats
Picture Hint Answer % Correct
French Loic Bruni
78%
Canadian Brandon Semenuk
65%
South-African Greg Minaar
47%
Sweddish Emil Johansson
37%
Belgian Thomas "tommy G" Genon
33%
American Nicholi Rogatkin
31%
Swiss Nino Schurter
31%
French Tomas Lemoine
29%
Canadian Brett Rheeder
27%
American Cam Zink
27%
Canadian Jordie Lunn
25%
Brittish Josh "RatBoy" Bryceland
22%
American Kyle Strait
18%
From NZ Kelly "McGazza" McGarry
14%
French Cedric Gracia
12%
Canadian Darren Berrecloth
10%
No matching quizzes found
Score Distribution
Percent of People with Each Score
Percentile by Number Answered
Your Score History
You have not taken this quiz